|
|
|
|
| LEADER |
00000nab a2200000 a 4500 |
| 001 |
vtls008827551 |
| 003 |
SK-MaSNL |
| 005 |
20260303063053.0 |
| 008 |
060310 1977 xo 000 0 slo |
| 015 |
|
|
|a SNBRB1977
|
| 040 |
|
|
|a SNKBUCL
|b slo
|c SNKBUCL
|e AACR2
|
| 041 |
0 |
|
|a slo
|
| 044 |
|
|
|a xo
|c SK
|
| 080 |
|
|
|a 374(437.6)
|2 2001
|
| 245 |
0 |
0 |
|a Kultúrny život
|b [Úlohy kultúrno-osvetovej práce na rok 1977 v okrese Žiar nad Hronom]
|c [autor]-ai-
|
| 648 |
|
7 |
|a 1977
|2 snkbucl
|9 336325
|
| 650 |
0 |
7 |
|a osvetová práca
|2 snkbucl
|9 78021
|
| 651 |
|
7 |
|a Žiar nad Hronom (Slovensko : okres)
|2 snkbucl
|9 17733
|
| 773 |
0 |
|
|t Národné výbory
|g Č. 2 (1977), s. 10-11
|
| 999 |
|
|
|c 1741618
|d 1743548
|